Tvorba webů podle standardů XHTML, CSS, DOM, ECMAScript

Salvato in:
Dettagli Bibliografici
Autore principale: Zeldman, Jeffrey
Natura: Libro
Lingua:ceco
inglese
Pubblicazione: Brno Computer Press 2004
Soggetti:
Accesso online:Visualizza in OPAC
Tags: Aggiungi Tag
Nessun Tag, puoi essere il primo ad aggiungerne!!

MARC

LEADER 00000nam a2200000 a 4500
005 20260127134149.0
008 050808s2004 xr 000 0 cze
020 |a 8025103471 
035 |a vtls008291346 
035 |a SVKPOKN102825 
039 9 |a 201803042326  |b csnk01  |c 200709211007  |d mschk02  |c 200508101437  |d VLOAD  |y 200508090826  |z VLOAD 
040 |a SVKPOKN  |b slo  |c SVKPOKN  |d SVKPO  |d STUSCHK1  |e AACR2 
041 0 |a cze  |h eng 
044 |a xr  |c CZ 
080 |a 004.4 
080 |a 004.7 
080 |a (035) 
100 1 |a Zeldman, Jeffrey 
245 1 0 |a Tvorba webů podle standardů XHTML, CSS, DOM, ECMAScript  |c Jeffrey Zeldman 
260 |a Brno  |b Computer Press  |c 2004 
300 |a 410 s.  |b obr.+reg. 
650 0 7 |a WWW dizajn 
650 0 7 |a HTML 
650 0 7 |a World Wide Web 
653 |a Tlač  |a Odborný preklad 
655 7 |a príručky  |2 svkpo 
655 |a príručky 
910 |a svkponkat 
910 |a SCHK95 
919 |a 80-251-0347-1 
999 |c 5575  |d 5575